| 000 | 01109nac a22002771i 4500 | ||
|---|---|---|---|
| 003 | EG-ScBUE | ||
| 005 | 20240328121345.0 | ||
| 008 | 240328t1987 n a f b 000 0 eng d | ||
| 020 | _a0816013152 | ||
| 040 |
_aEG-ScBUE _beng _erda _cEG-ScBUE _dEG-ScBUE |
||
| 082 | 0 | 4 |
_a940.210321 _bBER _222 |
| 100 | 1 |
_aBergin, Thomas Goddard, _d1904-1987. _eauthor. |
|
| 245 | 1 | 0 |
_aEncyclopedia of the renaissance / _cThomas G. Bergin, consulting editor, sterling professor emeritus romance languages, Yale University, Jennifer Speake, general editor, Market House Books Ltd., Aylesbury. |
| 264 | 1 |
_aNew York, N.Y. : _bFacts on File Publications, _c[1987] |
|
| 264 | 4 | _cc1987 | |
| 300 |
_a454 pages, [32] pages of plates : _billustrations (some color) ; _c29 cm |
||
| 336 |
_2rdacontent _atext _btxt |
||
| 337 |
_aunmediated _2rdamedia _bn |
||
| 338 |
_avolume _bnc _2rdacarrier |
||
| 504 | _aIncludes bibliographical references. | ||
| 650 | 7 |
_aRenaissance _vEncyclopedias. _2BUEsh |
|
| 650 | 7 |
_aReformation _vEncyclopedias. _2BUEsh |
|
| 655 | _vReading book | ||
| 700 | 1 |
_aSpeake, Jennifer, _eauthor. |
|
| 942 |
_cNB _2ddc |
||
| 999 |
_c7299 _d7299 |
||